01094nam a2200229 a 450000100060000000300080000600500170001400800410003103500190007204000220009108200240011324500900013726000650022730000260029250001340031850000800045250001220053250400310065465000550068571000780074073000460081877548BD-RjUL20211209083002.0201119s19659999ii a b 001 0 eng  a(BD-RjUL)77773 aDLCcDLCdBD-RjUL 223a630.5bIAE 198300aIndian journal of agricultural economics /cIndian Society of Agricultural Economics. aBombay :bIndian Society of Agricultural Economics,c[1965-] a v.:billus.;c25 cm. aPublished on the occasion of the Annual Conference of the Indian Society of Agricultural Economics during the jubilee year, 1965. a"Indian journal of agricultural economics, 1940-1964: index": p. [391]-475. aAlso includes index to the Proceedings of the Conferences of the Indian Society of Agricultural Economics, 1940-1945. aBibliographical footnotes. 0aAgriculturexEconomic aspectszIndia.vPeriodicals2 aIndian Society of Agricultural Economics.tProceedings of the Conference.0 aIndian journal of agricultural economics.